Countries with Least Organized Crime - by Continent; - Statistics

General Stats
  • This quiz has been taken 279 times
  • The average score is 20 of 30
Answer Stats
Answer % Correct
F Finland
98%
N Norway
91%
I Iceland
90%
E Estonia
88%
U Uruguay
88%
B Bolivia
85%
C Canada
84%
E Ecuador
81%
P Portugal
77%
Q Qatar
77%
C Chile
76%
O Oman
76%
A Australia
74%
P Panama
73%
C Costa Rica
72%
R Rwanda
72%
U United States
72%
N Nicaragua
68%
N New Zealand
64%
S Singapore
60%
U UAE
53%
B Brunei
50%
M Malaysia
49%
M Mauritius
48%
L Lesotho
47%
B Bhutan
46%
G Gambia
44%
S Saudi Arabia
44%
M Morocco
38%
B Barbados
28%
No matching quizzes found
Score Distribution
Percent of People with Each Score
Percentile by Number Answered
Your Score History
You have not taken this quiz